[Event "23rd EUR-ch"]
[Site "Vrnjacka Banja SRB"]
[Date "2023.03.07"]
[Round "5.10"]
[White "Nasuta, Grzegorz"]
[Black "Abasov, Nijat"]
[Result "1/2-1/2"]
[WhiteElo "2535"]
[BlackElo "2625"]
[EventDate "2023.03.03"]
[PlyCount "30"]

1.e4 c5 2.Nf3 Nc6 3.d4 cxd4 4.Nxd4 Nf6 5.Nc3 e5 6.Ndb5 d6 7.Nd5 Nxd5 8.
exd5 Nb8 9.a4 Be7 10.Bd2 O-O 11.a5 Nd7 12.Be2 f5 13.O-O a6 14.Na3 e4 15.
Nc4 Ne5 1/2-1/2

[Event "23rd EUR-ch"]
[Site "Vrnjacka Banja SRB"]
[Date "2023.03.07"]
[Round "5.11"]
[White "Kourkoulos-Arditis, Stamatis"]
[Black "Svane, Rasmus"]
[Result "1-0"]
[WhiteElo "2520"]
[BlackElo "2620"]
[EventDate "2023.03.03"]
[PlyCount "137"]

1.d4 Nf6 2.c4 e6 3.Nf3 d5 4.g3 dxc4 5.Bg2 Bb4+ 6.Bd2 a5 7.Qc2 Bxd2+ 8.Qxd2
c6 9.a4 b5 10.axb5 cxb5 11.Qg5 O-O 12.Qxb5 Ba6 13.Qa4 Qb6 14.O-O Qxb2 15.
Nbd2 Bb5 16.Nxc4 Bxa4 17.Nxb2 Bb5 18.Ne5 Ra7 19.Nbc4 Nfd7 20.Nxa5 Bxe2 21.
Rfe1 Bb5 22.Reb1 Nxe5 23.dxe5 Bd7 24.Rc1 h6 25.f4 Bb5 26.Be4 Rd7 27.Rc3 
Ra7 28.Rc5 Be2 29.Kf2 Nd7 30.Rcc1 Bg4 31.Nc6 Rxa1 32.Rxa1 Nc5 33.Bc2 Kh8 
34.Ra5 Nd7 35.Ra7 Nb6 36.Be4 g6 37.Ke3 Kg7 38.Kd4 Rc8 39.Kc5 Nd5 40.Kd6 
Nc3 41.Kd7 Rf8 42.Bg2 Bf5 43.Ra3 Be4 44.Rxc3 Bxg2 45.Nd8 Be4 46.h4 h5 47.
Ke7 Bd5 48.Rc8 Rg8 49.Rb8 Rh8 50.Rb2 Rf8 51.Rb4 Bf3 52.Rb3 Be4 53.Rb8 Kg8 
54.Nc6 Rxb8 55.Nxb8 Kg7 56.Nd7 Bb7 57.Nb6 Ba6 58.Na4 Bb5 59.Nc5 Bc6 60.Nb3
Be4 61.Nd4 g5 62.fxg5 Bd3 63.Nc6 Bc2 64.Nd8 Bg6 65.Nb7 Be4 66.Nd6 Bg6 67.
Ne8+ Kg8 68.Kf6 Kf8 69.Ng7 1-0

[Event "23rd EUR-ch"]
[Site "Vrnjacka Banja SRB"]
[Date "2023.03.07"]
[Round "5.12"]
[White "Kukhmazov, Arsen"]
[Black "Dardha, Daniel"]
[Result "1/2-1/2"]
[WhiteElo "2495"]
[BlackElo "2610"]
[EventDate "2023.03.03"]
[PlyCount "30"]

1.d4 Nf6 2.c4 e6 3.Nf3 d5 4.g3 Be7 5.Bg2 O-O 6.Nc3 Nbd7 7.Qd3 c6 8.O-O b6 
9.e4 Ba6 10.b3 dxe4 11.Nxe4 b5 12.Nxf6+ Bxf6 13.Ba3 bxc4 14.bxc4 Re8 15.
Rac1 Rc8 1/2-1/2

[Event "23rd EUR-ch"]
[Site "Vrnjacka Banja SRB"]
[Date "2023.03.07"]
[Round "5.13"]
[White "Can, Emre"]
[Black "Quparadze, Giga"]
[Result "0-1"]
[WhiteElo "2600"]
[BlackElo "2483"]
[EventDate "2023.03.03"]
[PlyCount "84"]

1.e4 c5 2.Nf3 e6 3.d4 cxd4 4.Nxd4 Nc6 5.Nc3 Qc7 6.Be3 a6 7.g4 Nge7 8.Nb3 
d5 9.Qd2 Ne5 10.O-O-O dxe4 11.Bc5 Nd5 12.Bxf8 Kxf8 13.Nxe4 b6 14.Nc3 Bb7 
15.Bg2 Nxc3 16.Bxb7 Nxd1 17.Bxa8 Nxf2 18.Rg1 Nfxg4 19.Qb4+ Kg8 20.Kb1 h5 
21.Qf4 Qd8 22.Bb7 Ng6 23.Qg3 a5 24.Be4 f5 25.Bd3 Kh7 26.Nd2 Qf6 27.Nf3 h4 
28.Qc7 N6e5 29.Nxe5 Qxe5 30.Qf7 Qf6 31.Qc7 Qd4 32.Re1 Rf8 33.a3 Rf6 34.h3 
Nf2 35.Bc4 Ne4 36.Bd3 Qd6 37.Qa7 Nc5 38.Bc4 Qd4 39.Bb5 e5 40.Qc7 Ne4 41.
Ka1 Nd6 42.Be2 Qf2 0-1

[Event "23rd EUR-ch"]
[Site "Vrnjacka Banja SRB"]
[Date "2023.03.07"]
[Round "5.14"]
[White "Sychev, Klementy"]
[Black "Anton Guijarro, David"]
[Result "1-0"]
[WhiteElo "2549"]
[BlackElo "2685"]
[EventDate "2023.03.03"]
[PlyCount "107"]

1.d4 Nf6 2.c4 g6 3.Nc3 Bg7 4.e4 d6 5.Be2 O-O 6.Be3 e5 7.d5 Na6 8.g4 Nc5 9.
f3 h5 10.h4 a5 11.g5 Nfd7 12.Qd2 Na6 13.O-O-O Ndc5 14.Nh3 Bd7 15.Nf2 Qb8 
16.Nd3 a4 17.Ne1 Kh7 18.Nc2 f5 19.gxf6 Rxf6 20.Rdg1 Qf8 21.Rg3 Bh6 22.Rhg1
Qg7 23.Bg5 Raf8 24.Ne3 Be8 25.Ncd1 Rf4 26.Ng2 Bxg5 27.Rxg5 Rxf3 28.Bxf3 
Rxf3 29.Ne1 Nxe4 30.Rxh5+ Kg8 31.Qe2 Rg3 32.Rg5 Rxg5 33.hxg5 Nec5 34.Ne3 
Bd7 35.Ng4 Bxg4 36.Qxg4 Qf8 37.Rh1 a3 38.bxa3 Nb8 39.Qh4 Qg7 40.Kc2 Nbd7 
41.Nd3 Nxd3 42.Kxd3 e4+ 43.Kc2 Nf8 44.Qxe4 Qf7 45.Qd4 Qf5+ 46.Kb2 Nh7 47.
Re1 Qxg5 48.Re8+ Kf7 49.Rb8 Qe7 50.Rxb7 Nf6 51.a4 Ne4 52.Rb3 Nc5 53.Rf3+ 
Kg8 54.Rh3 1-0

[Event "23rd EUR-ch"]
[Site "Vrnjacka Banja SRB"]
[Date "2023.03.07"]
[Round "5.15"]
[White "Navara, David"]
[Black "Pultinevicius, Paulius"]
[Result "1-0"]
[WhiteElo "2685"]
[BlackElo "2546"]
[EventDate "2023.03.03"]
[PlyCount "81"]

1.e4 c6 2.d4 d5 3.exd5 cxd5 4.Bd3 Nc6 5.c3 Qc7 6.Na3 a6 7.Nc2 Nf6 8.h3 e5 
9.dxe5 Nxe5 10.Nf3 Nc4 11.O-O Be7 12.Re1 O-O 13.b3 Nb6 14.Bg5 h6 15.Bh4 
Ne4 16.Bxe7 Qxe7 17.c4 Qf6 18.Bxe4 dxe4 19.Rxe4 Bf5 20.Rf4 Bxc2 21.Rxf6 
Bxd1 22.Rxb6 Bxf3 23.gxf3 Rfe8 24.Rxb7 Re2 25.Rd1 Rxa2 26.Rdd7 Rf8 27.c5 
a5 28.c6 Rc2 29.c7 Kh7 30.f4 g6 31.Rb6 Kg7 32.Re6 Rc3 33.h4 h5 34.Ree7 Kf6
35.Kg2 Rc1 36.Kf3 Rc2 37.Ke3 Rc1 38.Kd3 Rc6 39.Kd4 Rc2 40.Kd5 Rc3 41.Re3 
1-0

[Event "23rd EUR-ch"]
[Site "Vrnjacka Banja SRB"]
[Date "2023.03.07"]
[Round "5.16"]
[White "Lobanov, Sergei"]
[Black "Moussard, Jules"]
[Result "0-1"]
[WhiteElo "2545"]
[BlackElo "2684"]
[EventDate "2023.03.03"]
[PlyCount "72"]

1.d4 d5 2.c4 c6 3.Nf3 Nf6 4.e3 Bf5 5.Nc3 e6 6.Nh4 Bg6 7.Bd2 Nbd7 8.Nxg6 
hxg6 9.cxd5 exd5 10.Qc2 Qc7 11.h3 Bb4 12.O-O-O Nb6 13.Kb1 Bd6 14.f3 O-O-O 
15.Rc1 Kb8 16.Bd3 Rhe8 17.Qb3 Qe7 18.Rhd1 Ka8 19.a3 c5 20.dxc5 Bxc5 21.Nb5
Rc8 22.Rc2 Nfd7 23.Rdc1 Ne5 24.e4 a6 25.Bf4 dxe4 26.Bxe4 f5 27.Be3 Ned7 
28.Bxc5 Rxc5 29.Rxc5 Nxc5 30.Qb4 fxe4 31.Rxc5 axb5 32.Qa5+ Kb8 33.Qxb6 e3 
34.Rc1 e2 35.Re1 Rd8 36.Ka2 Qf7+ 0-1

[Event "23rd EUR-ch"]
[Site "Vrnjacka Banja SRB"]
[Date "2023.03.07"]
[Round "5.17"]
[White "Predke, Alexander"]
[Black "Dvirnyy, Danyyil"]
[Result "1-0"]
[WhiteElo "2684"]
[BlackElo "2531"]
[EventDate "2023.03.03"]
[PlyCount "85"]

1.e4 e5 2.Nf3 Nc6 3.Bc4 Bc5 4.O-O Nf6 5.d3 d6 6.c3 a5 7.Re1 h6 8.Nbd2 O-O 
9.Nf1 Ne7 10.d4 exd4 11.cxd4 Bb6 12.h3 d5 13.e5 Ne4 14.Bd3 Nf5 15.Bxe4 
dxe4 16.Rxe4 Qd5 17.Rf4 c5 18.Ne3 Nxe3 19.Bxe3 cxd4 20.Bxd4 Bd8 21.Qe2 g5 
22.Re4 Bf5 23.Re3 Rc8 24.Rd1 Qc4 25.Qe1 Qxa2 26.Bc3 Bb6 27.Nd4 Bg6 28.e6 
Rfe8 29.e7 Qc4 30.Re5 Bc5 31.Nf3 b6 32.Nh2 h5 33.Nf3 g4 34.Rxh5 Bxf2+ 35.
Qxf2 Bxh5 36.hxg4 Qxg4 37.Bf6 Qf4 38.Qd4 Qxd4+ 39.Rxd4 Rc6 40.Rd8 Rc8 41.
Ne5 b5 42.g4 Bg6 43.Nc6 1-0

[Event "23rd EUR-ch"]
[Site "Vrnjacka Banja SRB"]
[Date "2023.03.07"]
[Round "5.18"]
[White "Esipenko, Andrei"]
[Black "Kacharava, Nikolozi"]
[Result "1-0"]
[WhiteElo "2680"]
[BlackElo "2531"]
[EventDate "2023.03.03"]
[PlyCount "57"]

1.d4 d5 2.c4 e6 3.Nf3 Nf6 4.g3 dxc4 5.Bg2 c6 6.O-O b5 7.a4 Bb7 8.Ne5 a6 9.
b3 cxb3 10.Qxb3 Qxd4 11.Bb2 Qb4 12.Qc2 Qc5 13.Qd3 Be7 14.Nd2 Qb6 15.Ne4 
Nd5 16.h4 c5 17.Ng5 f6 18.a5 Qc7 19.Nxe6 Qd6 20.Nxg7+ Kf8 21.Nf5 Qe6 22.
Qe4 fxe5 23.Bxe5 Kf7 24.Bxh8 Qxe4 25.Bxe4 Nd7 26.Rad1 Rxh8 27.Bxd5+ Bxd5 
28.Rxd5 Nf6 29.Nxe7 1-0

[Event "23rd EUR-ch"]
[Site "Vrnjacka Banja SRB"]
[Date "2023.03.07"]
[Round "5.19"]
[White "Saric, Ivan"]
[Black "Guliev, Namig"]
[Result "1-0"]
[WhiteElo "2674"]
[BlackElo "2528"]
[EventDate "2023.03.03"]
[PlyCount "121"]

1.e4 e5 2.Nf3 Nf6 3.Nxe5 d6 4.Nf3 Nxe4 5.d4 d5 6.Bd3 Bd6 7.O-O O-O 8.c4 c6
9.Re1 Bf5 10.Qb3 Qd7 11.c5 Bc7 12.Nc3 Nxc5 13.Bxf5 Nxb3 14.Bxd7 Nxa1 15.
Bf5 Na6 16.Bd2 g6 17.Bd3 Nb4 18.Bf1 Nac2 19.Rc1 Bb6 20.Ne2 a5 21.a3 Nxd4 
22.Nexd4 Na6 23.Rc3 Rfe8 24.Rb3 Bxd4 25.Nxd4 Nc5 26.Rb6 Re7 27.f3 f6 28.
Kf2 Kf7 29.Be3 Na4 30.Rb3 Rc8 31.Bd2 b6 32.Ne2 Ra8 33.Nc3 Nxc3 34.Bxc3 Rb7
35.a4 Ke6 36.Bd2 d4 37.f4 Kd5 38.g4 Kc5 39.f5 gxf5 40.Rf3 fxg4 41.Rxf6 Rd8
42.Kg3 d3 43.Bg2 Rc7 44.b3 b5 45.Bxa5 Rcc8 46.Rf5+ Kd4 47.Bd2 bxa4 48.bxa4
Kc4 49.a5 c5 50.a6 Rd7 51.Bb7 Rb8 52.Bc6 Ra7 53.Bd5+ Kb5 54.Rf1 Rb6 55.
Rb1+ Kxa6 56.Ra1+ Kb5 57.Rxa7 Rd6 58.Ra5+ Kb6 59.Bc4 Rd4 60.Ra6+ Kb7 61.
Ra4 1-0

[Event "23rd EUR-ch"]
[Site "Vrnjacka Banja SRB"]
[Date "2023.03.07"]
[Round "5.20"]
[White "Shevchenko, Kirill"]
[Black "Gavrilescu, David"]
[Result "1/2-1/2"]
[WhiteElo "2668"]
[BlackElo "2527"]
[EventDate "2023.03.03"]
[PlyCount "112"]

1.c4 e6 2.Nc3 d5 3.d4 a6 4.cxd5 exd5 5.Nf3 c6 6.Qc2 Bd6 7.e4 dxe4 8.Nxe4 
Bb4+ 9.Bd2 Bxd2+ 10.Kxd2 Nf6 11.Nxf6+ Qxf6 12.Re1+ Kd8 13.Qc5 Be6 14.Bc4 
Bxc4 15.Qxc4 Nd7 16.Re3 Re8 17.Rxe8+ Kxe8 18.Qb4 b6 19.Re1+ Kd8 20.Re4 Kc7
21.Qe7 Qf5 22.Ne5 f6 23.Nxd7 Qxd7 24.Qa3 c5 25.Qg3+ Kd8 26.Rg4 g6 27.Re4 
Rc8 28.Qf4 Qc6 29.dxc5 bxc5 30.Qe3 Rc7 31.Kc3 Rd7 32.Re8+ Kc7 33.Qf4+ Rd6 
34.Qe4 Qb5 35.Re7+ Kd8 36.Rb7 Qa5+ 37.Kb3 Rb6+ 38.Rxb6 Qxb6+ 39.Kc2 Qb5 
40.h4 f5 41.Qd5+ Ke7 42.Qe5+ Kf7 43.b3 Qc6 44.f3 c4 45.h5 cxb3+ 46.Kxb3 
Qb6+ 47.Kc3 Qc6+ 48.Kd3 Qc1 49.hxg6+ hxg6 50.Qd5+ Kf6 51.Qd4+ Ke6 52.Qb6+ 
Ke5 53.Qb8+ Ke6 54.Qe8+ Kf6 55.Qd8+ Ke6 56.Qb6+ Ke5 1/2-1/2

[Event "23rd EUR-ch"]
[Site "Vrnjacka Banja SRB"]
[Date "2023.03.07"]
[Round "5.21"]
[White "Janik, Igor"]
[Black "Naer, Evgeny"]
[Result "1-0"]
[WhiteElo "2527"]
[BlackElo "2666"]
[EventDate "2023.03.03"]
[PlyCount "79"]

1.d4 d5 2.c4 c6 3.Nf3 Nf6 4.g3 Bg4 5.Ne5 Bf5 6.Nc3 e6 7.Qb3 Qb6 8.c5 Qxb3 
9.axb3 Nbd7 10.Nxd7 Nxd7 11.b4 Be7 12.f4 O-O 13.e3 a6 14.Bd2 Kh8 15.Be2 h6
16.g4 Bh4+ 17.Kf1 Bc2 18.Be1 Be7 19.h4 Kg8 20.Rc1 Bh7 21.Kg2 g5 22.Bg3 Bf6
23.Rcf1 gxf4 24.Bxf4 Bg7 25.g5 hxg5 26.Bxg5 e5 27.dxe5 Nxe5 28.Rh3 Bc2 29.
Rg3 Kh7 30.Bf4 Rae8 31.Rf2 Re6 32.Kg1 Bh8 33.Bf1 Bb3 34.Bh3 f5 35.Bg5 d4 
36.exd4 Ng6 37.h5 Bxd4 38.hxg6+ Rxg6 39.Ne2 f4 40.Nxd4 1-0

[Event "23rd EUR-ch"]
[Site "Vrnjacka Banja SRB"]
[Date "2023.03.07"]
[Round "5.22"]
[White "Boruchovsky, Avital"]
[Black "Grandelius, Nils"]
[Result "0-1"]
[WhiteElo "2536"]
[BlackElo "2658"]
[EventDate "2023.03.03"]
[PlyCount "96"]

1.e4 c5 2.Nf3 e6 3.d4 cxd4 4.Nxd4 Nc6 5.Nc3 Qc7 6.Be3 a6 7.g4 h6 8.a3 Nf6 
9.f3 b5 10.Nxc6 Qxc6 11.Be2 Bb7 12.Qd2 Rc8 13.Bd4 Qc7 14.O-O-O e5 15.Bf2 
b4 16.axb4 Bxb4 17.Qd3 O-O 18.Rhg1 Qa5 19.Be1 d5 20.Kb1 d4 21.Na2 Bxe1 22.
Rgxe1 Nd7 23.Qd2 Qb6 24.g5 Rb8 25.b3 h5 26.Bc4 Rfc8 27.Ka1 Bxe4 28.Bxf7+ 
Kxf7 29.Rxe4 Kg8 30.Qe2 Qg6 31.Nc1 a5 32.f4 a4 33.fxe5 Nc5 34.Rexd4 axb3 
35.Nxb3 Ra8+ 36.Kb2 Na4+ 37.Kc1 Nc3 38.Qd3 Qxg5+ 39.Qd2 Qe7 40.Qe3 Nxd1 
41.Kxd1 Ra2 42.Rd2 Qb7 43.e6 Qh1+ 44.Ke2 Qxh2+ 45.Kd3 Qd6+ 46.Ke2 Rcxc2 
47.e7 Rxd2+ 48.Nxd2 Qxd2+ 0-1

[Event "23rd EUR-ch"]
[Site "Vrnjacka Banja SRB"]
[Date "2023.03.07"]
[Round "5.23"]
[White "Indjic, Aleksandar"]
[Black "Halkias, Stelios"]
[Result "1/2-1/2"]
[WhiteElo "2636"]
[BlackElo "2514"]
[EventDate "2023.03.03"]
[PlyCount "45"]

1.c4 e6 2.Nf3 Nf6 3.Nc3 d5 4.e3 dxc4 5.Bxc4 a6 6.d4 b5 7.Bb3 Bb7 8.O-O c5 
9.a3 Be7 10.Qe2 Nbd7 11.Rd1 O-O 12.dxc5 Qc7 13.e4 Bxc5 14.Be3 Rfd8 15.Bc2 
Bxe3 16.Qxe3 Rac8 17.Rd4 Ng4 18.Qe2 Nde5 19.Nxe5 Nxe5 20.Rxd8+ Rxd8 21.Bb3
h6 22.Rd1 Rxd1+ 23.Bxd1 1/2-1/2

[Event "23rd EUR-ch"]
[Site "Vrnjacka Banja SRB"]
[Date "2023.03.07"]
[Round "5.24"]
[White "Yilmazyerli, Mert"]
[Black "Rakhmanov, Alexander"]
[Result "1/2-1/2"]
[WhiteElo "2525"]
[BlackElo "2635"]
[EventDate "2023.03.03"]
[PlyCount "25"]

1.Nf3 d5 2.g3 g6 3.Bg2 Bg7 4.d4 Nf6 5.O-O O-O 6.c4 c6 7.cxd5 cxd5 8.Nc3 e6
9.Bf4 Bd7 10.Rc1 Qb6 11.Qd2 a5 12.Rfd1 a4 13.Ne5 1/2-1/2

[Event "23rd EUR-ch"]
[Site "Vrnjacka Banja SRB"]
[Date "2023.03.07"]
[Round "5.25"]
[White "Petrosian, Manuel"]
[Black "Rasulov, Vugar"]
[Result "1-0"]
[WhiteElo "2634"]
[BlackElo "2516"]
[EventDate "2023.03.03"]
[PlyCount "111"]

1.d4 d5 2.c4 e6 3.Nc3 a6 4.cxd5 exd5 5.Bf4 c6 6.e3 Bd6 7.Qf3 Ne7 8.Bxd6 
Qxd6 9.Bd3 O-O 10.Nge2 Nd7 11.h3 a5 12.O-O f5 13.Qf4 Qxf4 14.exf4 Nb6 15.
Rfe1 Bd7 16.Bc2 Ng6 17.g3 Rfe8 18.Red1 Nc4 19.b3 Na3 20.Bd3 Nf8 21.Kf1 g6 
22.Ng1 Kf7 23.Nf3 Ke7 24.Ke2 Kd6+ 25.Kd2 Ne6 26.Kc1 Nb5 27.Nxb5+ cxb5 28.
a3 Rec8+ 29.Kb2 Rc7 30.Rac1 Rxc1 31.Rxc1 b4 32.axb4 axb4 33.h4 Ra3 34.Ra1 
Rxa1 35.Kxa1 Nc7 36.Kb2 Bb5 37.Kc2 Ke7 38.Ng5 Ne6 39.Bxb5 Nxd4+ 40.Kd3 
Nxb5 41.Nxh7 Nc3 42.Ng5 Nd1 43.f3 Nc3 44.Nh3 Kd6 45.Ng1 Kc5 46.g4 Kd6 47.
gxf5 gxf5 48.Ne2 Nd1 49.Nd4 Nf2+ 50.Ke3 Nd1+ 51.Ke2 Nc3+ 52.Kd3 Ke7 53.
Nxf5+ Kf6 54.Ne3 Kg6 55.f5+ Kh5 56.Kd4 1-0

[Event "23rd EUR-ch"]
[Site "Vrnjacka Banja SRB"]
[Date "2023.03.07"]
[Round "5.26"]
[White "Sargsian, Shant"]
[Black "Beerdsen, Thomas"]
[Result "1/2-1/2"]
[WhiteElo "2630"]
[BlackElo "2510"]
[EventDate "2023.03.03"]
[PlyCount "59"]

1.d4 d5 2.c4 c6 3.Nf3 Nf6 4.e3 Bf5 5.Nc3 e6 6.Nh4 Bg6 7.Nxg6 hxg6 8.Qb3 
Qc7 9.g3 Nbd7 10.Bg2 Be7 11.O-O O-O 12.cxd5 exd5 13.f3 b5 14.e4 dxe4 15.
fxe4 Qb6 16.Rd1 c5 17.Qxb5 cxd4 18.Qxb6 axb6 19.e5 Nxe5 20.Bxa8 dxc3 21.
Bb7 Rb8 22.Bf4 cxb2 23.Rab1 Rxb7 24.Bxe5 Bc5+ 25.Bd4 Ne4 26.Kg2 Ra7 27.
Bxc5 bxc5 28.Rxb2 f5 29.Rd8+ Kh7 30.Rc8 1/2-1/2

[Event "23rd EUR-ch"]
[Site "Vrnjacka Banja SRB"]
[Date "2023.03.07"]
[Round "5.27"]
[White "Kovalev, Vladislav"]
[Black "Fernandez, Daniel Howard"]
[Result "1/2-1/2"]
[WhiteElo "2623"]
[BlackElo "2498"]
[EventDate "2023.03.03"]
[PlyCount "74"]

1.e4 d5 2.exd5 Qxd5 3.Nc3 Qd8 4.d4 Nf6 5.Nf3 Bg4 6.h3 Bxf3 7.Qxf3 c6 8.Be3
e6 9.Bd3 Nbd7 10.O-O g6 11.Ne4 Nxe4 12.Bxe4 Bg7 13.c4 O-O 14.Rad1 Nf6 15.
Bg5 h6 16.Bh4 g5 17.Bg3 Nxe4 18.Qxe4 Qd7 19.f4 Rad8 20.Kh1 c5 21.fxg5 hxg5
22.d5 f5 23.Qxe6+ Qxe6 24.dxe6 Rxd1 25.Rxd1 Re8 26.Rd5 f4 27.Bf2 b6 28.b4 
cxb4 29.Rxg5 Kh7 30.c5 Rxe6 31.cxb6 axb6 32.Rb5 Bc3 33.Rxb6 Re2 34.Bc5 
Rxa2 35.Bxb4 Bd4 36.Rb7+ Kg6 37.h4 Kh5 1/2-1/2

[Event "23rd EUR-ch"]
[Site "Vrnjacka Banja SRB"]
[Date "2023.03.07"]
[Round "5.28"]
[White "Vocaturo, Daniele"]
[Black "Subelj, Jan"]
[Result "1/2-1/2"]
[WhiteElo "2619"]
[BlackElo "2496"]
[EventDate "2023.03.03"]
[PlyCount "50"]

1.e4 c5 2.Nf3 Nc6 3.Bb5 e6 4.Bxc6 bxc6 5.b3 Ne7 6.d3 d6 7.Nbd2 e5 8.Nc4 
Ng6 9.Bg5 f6 10.Bd2 Be6 11.h4 d5 12.Ne3 Bd6 13.h5 Ne7 14.Nh4 Qd7 15.Qf3 
O-O 16.g4 c4 17.dxc4 Bc5 18.Nef5 dxe4 19.Qxe4 Bxf2+ 20.Kxf2 Qxd2+ 21.Qe2 
Qf4+ 22.Qf3 Qd2+ 23.Qe2 Qf4+ 24.Qf3 Qd2+ 25.Qe2 Qf4+ 1/2-1/2

[Event "23rd EUR-ch"]
[Site "Vrnjacka Banja SRB"]
[Date "2023.03.07"]
[Round "5.29"]
[White "Kuzubov, Yuriy"]
[Black "Samunenkov, Ihor"]
[Result "1-0"]
[WhiteElo "2616"]
[BlackElo "2488"]
[EventDate "2023.03.03"]
[PlyCount "105"]

1.d4 d5 2.c4 dxc4 3.Nf3 e6 4.e3 Nf6 5.Bxc4 c5 6.O-O Nc6 7.a3 a6 8.dxc5 
Qxd1 9.Rxd1 Bxc5 10.b4 Be7 11.Nbd2 O-O 12.Bb2 Rd8 13.Nb3 Bd7 14.Rac1 Be8 
15.Bd3 Rdc8 16.Kf1 h6 17.Ke2 Kf8 18.Nfd2 Nd8 19.Na5 Ba4 20.Re1 Nd5 21.g3 
Bd7 22.Ndc4 b5 23.Ne5 Be8 24.Be4 Bf6 25.Bxd5 exd5 26.Nd3 Bxb2 27.Nxb2 Ne6 
28.Nd3 f6 29.Rxc8 Rxc8 30.Rc1 Rxc1 31.Nxc1 d4 32.e4 Bg6 33.f3 f5 34.exf5 
Bxf5 35.Nc6 Ke8 36.Nb3 d3+ 37.Kd2 Kd7 38.Ncd4 Nxd4 39.Nxd4 Bh7 40.Nb3 Kd6 
41.Nc5 Kd5 42.Kc3 a5 43.Nxd3 a4 44.Nf4+ Ke5 45.h4 Bf5 46.Ne2 h5 47.Kd2 Kd5
48.Nf4+ Kc4 49.Nxh5 Kb3 50.Nxg7 Bh7 51.Ne6 Kxa3 52.Kc3 Ka2 53.Nd4 1-0

[Event "23rd EUR-ch"]
[Site "Vrnjacka Banja SRB"]
[Date "2023.03.07"]
[Round "5.30"]
[White "Ter-Sahakyan, Samvel"]
[Black "Gokerkan, Cem Kaan"]
[Result "1/2-1/2"]
[WhiteElo "2616"]
[BlackElo "2486"]
[EventDate "2023.03.03"]
[PlyCount "36"]

1.d4 Nf6 2.c4 e6 3.Nf3 d5 4.Nc3 h6 5.g3 c6 6.Bg2 Nbd7 7.O-O Bb4 8.a3 Bxc3 
9.bxc3 O-O 10.Nd2 e5 11.cxd5 cxd5 12.c4 exd4 13.Bb2 Qb6 14.Rb1 Ne5 15.Ba1 
Qa6 16.Bxd4 Nxc4 17.Nxc4 dxc4 18.Qc2 Re8 1/2-1/2

[Event "23rd EUR-ch"]
[Site "Vrnjacka Banja SRB"]
[Date "2023.03.07"]
[Round "5.31"]
[White "Bernadskiy, Vitaliy"]
[Black "Kraus, Tomas"]
[Result "1-0"]
[WhiteElo "2611"]
[BlackElo "2486"]
[EventDate "2023.03.03"]
[PlyCount "69"]

1.e4 d6 2.d4 Nf6 3.Nc3 e5 4.Nf3 Nbd7 5.h3 g6 6.dxe5 dxe5 7.Bc4 Bg7 8.O-O 
O-O 9.a4 a5 10.b3 Nh5 11.Ba3 c5 12.Nb5 b6 13.Nd6 Ra7 14.Nxc8 Qxc8 15.Qd6 
Nhf6 16.Rfe1 Ne8 17.Qd2 Nb8 18.Rad1 Rd7 19.Qg5 Nd6 20.Bd5 Qd8 21.Qc1 Qe7 
22.Rd3 Rfd8 23.Red1 Ne8 24.Qg5 Bf6 25.Qg4 Nc7 26.Bb2 Nxd5 27.exd5 Bg7 28.
R3d2 Rd6 29.c4 Nd7 30.Re1 Re8 31.Rde2 f6 32.Qg3 Bh6 33.Nxe5 Nxe5 34.Bxe5 
Rd7 35.Bf4 1-0

[Event "23rd EUR-ch"]
[Site "Vrnjacka Banja SRB"]
[Date "2023.03.07"]
[Round "5.32"]
[White "Gorshtein, Ido"]
[Black "Iskandarov, Misratdin"]
[Result "1/2-1/2"]
[WhiteElo "2498"]
[BlackElo "2598"]
[EventDate "2023.03.03"]
[PlyCount "147"]

1.c4 c5 2.Nc3 Nc6 3.g3 g6 4.Bg2 Bg7 5.b3 Nf6 6.Bb2 O-O 7.Rc1 d6 8.e3 Bf5 
9.d3 Qa5 10.Qd2 a6 11.h3 Ne5 12.e4 Bd7 13.Nge2 b5 14.Ba1 Rab8 15.g4 Nc6 
16.f4 Ne8 17.O-O Nd4 18.Kh1 Qd8 19.g5 b4 20.Nd5 e6 21.Ne3 e5 22.Nxd4 exd4 
23.Nd5 Nc7 24.Rce1 Nxd5 25.cxd5 h6 26.gxh6 Bxh6 27.Qf2 Bg7 28.e5 Bf5 29.
Qg3 Re8 30.h4 Rb7 31.Be4 dxe5 32.Bxf5 gxf5 33.Rg1 Qxd5+ 34.Rg2 f6 35.h5 
Kf8 36.Qg6 e4 37.Kg1 Rf7 38.Bb2 Bh8 39.h6 e3 40.Bc1 Rfe7 41.Ree2 Qe6 42.
Rg3 a5 43.Kh2 Rd7 44.Re1 Qf7 45.Kh3 Qxg6 46.Rxg6 Kf7 47.Rgg1 Rg8 48.Rxg8 
Kxg8 49.Kh4 Kf7 50.Kh5 Rd8 51.Rg1 a4 52.Rg2 axb3 53.axb3 Ra8 54.Rc2 Ra5 
55.Bb2 Ra2 56.Rh2 Ra8 57.Rh1 Re8 58.Re1 e2 59.Bc1 Rg8 60.Kh4 Rg2 61.Bd2 
Rh2+ 62.Kg3 Rxh6 63.Rc1 Bg7 64.Rxc5 Rh1 65.Kf2 Bf8 66.Rc7+ Ke6 67.Kxe2 Rb1
68.Rc6+ Kd7 69.Rxf6 Bd6 70.Rxf5 Kc6 71.Ra5 Rxb3 72.Ra6+ Kd5 73.Ra5+ Kc6 
74.Ra6+ 1/2-1/2

[Event "23rd EUR-ch"]
[Site "Vrnjacka Banja SRB"]
[Date "2023.03.07"]
[Round "5.33"]
[White "Sadikhov, Ulvi"]
[Black "Sanal, Vahap"]
[Result "1-0"]
[WhiteElo "2485"]
[BlackElo "2590"]
[EventDate "2023.03.03"]
[PlyCount "68"]

1.c4 e6 2.g3 d5 3.Bg2 Nf6 4.Nf3 Be7 5.O-O O-O 6.b3 b6 7.Bb2 Bb7 8.cxd5 
Nxd5 9.d4 Nd7 10.Re1 N5f6 11.Nc3 c5 12.e4 cxd4 13.Nxd4 Ne5 14.Qe2 Bc5 15.
Red1 Qe7 16.Na4 Bxd4 17.Rxd4 Nc6 18.Rd2 e5 19.Rad1 Rfd8 20.f4 Rxd2 21.Rxd2
h5 22.Nc3 Nd4 23.Qd1 Ng4 24.Qe1 Ne6 25.fxe5 Qc5+ 26.Kh1 Nxe5 27.Nd5 Ng6 
28.Qe2 Rc8 29.Qxh5 Qa5 30.Qd1 Qc5 31.h4 f6 32.Qg4 Nef8 33.h5 Bxd5 34.Rxd5 
Qf2 1-0

[Event "23rd EUR-ch"]
[Site "Vrnjacka Banja SRB"]
[Date "2023.03.07"]
[Round "5.34"]
[White "Asadli, Vugar"]
[Black "Babazada, Khazar"]
[Result "1-0"]
[WhiteElo "2586"]
[BlackElo "2481"]
[EventDate "2023.03.03"]
[PlyCount "71"]

1.e4 c5 2.Nf3 d6 3.d4 cxd4 4.Nxd4 Nf6 5.Bb5+ Bd7 6.c4 a6 7.Bxd7+ Nbxd7 8.
f3 Rc8 9.b3 h5 10.O-O g6 11.Be3 Bg7 12.Qd2 h4 13.Nc3 Nh5 14.Rad1 Nc5 15.
Nd5 e6 16.Nc3 Qe7 17.Nde2 Rc6 18.f4 O-O 19.e5 dxe5 20.b4 exf4 21.Bxc5 Rxc5
22.bxc5 Qxc5+ 23.Rf2 h3 24.Qd3 hxg2 25.Ne4 Qe5 26.Rxg2 Rc8 27.Kf1 Qa5 28.
c5 Qa4 29.Rd2 Qc6 30.Ng1 e5 31.Nf3 Rf8 32.Qc4 b5 33.Qd5 Qxd5 34.Rxd5 f5 
35.Nd6 e4 36.Rxg6 1-0

[Event "23rd EUR-ch"]
[Site "Vrnjacka Banja SRB"]
[Date "2023.03.07"]
[Round "5.35"]
[White "Paravyan, David"]
[Black "Kosakowski, Jakub"]
[Result "1/2-1/2"]
[WhiteElo "2584"]
[BlackElo "2476"]
[EventDate "2023.03.03"]
[PlyCount "165"]

1.e4 c6 2.d4 d5 3.e5 Bf5 4.Nf3 e6 5.Be2 Ne7 6.O-O h6 7.Nbd2 Bh7 8.a4 Ng6 
9.Nb3 Be7 10.Be3 O-O 11.a5 Qc7 12.Re1 Rd8 13.Qc1 Nd7 14.c4 dxc4 15.Qxc4 
Rac8 16.Qc3 Bf8 17.Bd3 Qb8 18.h4 Ne7 19.Bxh7+ Kxh7 20.Qc2+ Kg8 21.Qe4 Nd5 
22.Qg4 Kh8 23.Qh5 Kg8 24.Qg4 Kh8 25.Nbd2 c5 26.Ne4 cxd4 27.Bxd4 Be7 28.
Rad1 Kg8 29.Rd3 Rc4 30.b3 Rb4 31.Qg3 Qc7 32.Red1 Nc5 33.Nxc5 Bxc5 34.Rc1 
b6 35.Nd2 Qe7 36.Bxc5 bxc5 37.Nc4 Rdb8 38.a6 Nc7 39.Rcd1 Nd5 40.Rf3 Rf8 
41.Re1 Qd8 42.Re4 Ne7 43.Kh2 Nf5 44.Qf4 Qd1 45.Ne3 Rxe4 46.Qxe4 Qe2 47.Rf4
Nxe3 48.Qxe3 Qxe3 49.fxe3 Rb8 50.Rc4 Rxb3 51.Rxc5 Ra3 52.Rc8+ Kh7 53.Rc7 
Rxa6 54.Rxf7 Ra5 55.Re7 Rxe5 56.Rxa7 Rxe3 57.h5 Kg8 58.g4 Kf8 59.Kg2 Rc3 
60.Kf2 Rb3 61.Rc7 Rd3 62.Ra7 Rd4 63.Kf3 Rb4 64.Rc7 Kg8 65.Re7 Rb6 66.Kf4 
Kf8 67.Ra7 Rb5 68.Rc7 Rb1 69.Ra7 Rf1+ 70.Ke5 Kg8 71.Rb7 Rg1 72.Kf4 Rf1+ 
73.Ke4 Rf7 74.Rb8+ Rf8 75.Rb7 Re8 76.Ke5 Kf8 77.Ra7 Re7 78.Ra4 Kf7 79.Rf4+
Kg8 80.Ra4 Kh7 81.Ra6 Rf7 82.Rxe6 Rf1 83.Ke4 1/2-1/2

[Event "23rd EUR-ch"]
[Site "Vrnjacka Banja SRB"]
[Date "2023.03.07"]
[Round "5.36"]
[White "Kadric, Denis"]
[Black "Samadov, Read"]
[Result "1-0"]
[WhiteElo "2583"]
[BlackElo "2471"]
[EventDate "2023.03.03"]
[PlyCount "75"]

1.e4 c6 2.d4 d5 3.e5 Bf5 4.h4 h5 5.Bd3 Bxd3 6.Qxd3 Qa5+ 7.b4 Qxb4+ 8.Nd2 
e6 9.Rb1 Qe7 10.c4 Nh6 11.Ne2 Nf5 12.Nf3 Qc7 13.O-O Be7 14.Bg5 dxc4 15.
Qxc4 Bxg5 16.Nxg5 Nd7 17.Ng3 Nb6 18.Nxe6 Qd7 19.Rxb6 axb6 20.Nxf5 fxe6 21.
Nd6+ Kd8 22.a4 Kc7 23.Rb1 Ra6 24.Rb3 Rf8 25.Qb4 Rf4 26.a5 c5 27.axb6+ Kb8 
28.Qxc5 Ra1+ 29.Kh2 Qd8 30.d5 exd5 31.g3 Rxh4+ 32.Kg2 Rhh1 33.Nf7 Rhg1+ 
34.Kf3 Rgc1 35.Qd6+ Qxd6 36.exd6 Kc8 37.Re3 Rc4 38.Re7 1-0

[Event "23rd EUR-ch"]
[Site "Vrnjacka Banja SRB"]
[Date "2023.03.07"]
[Round "5.37"]
[White "Lupulescu, Constantin"]
[Black "Sanikidze, Tornike"]
[Result "1/2-1/2"]
[WhiteElo "2580"]
[BlackElo "2459"]
[EventDate "2023.03.03"]
[PlyCount "55"]

1.d4 Nf6 2.c4 e6 3.Nc3 d5 4.cxd5 Nxd5 5.e4 Nxc3 6.bxc3 c5 7.Rb1 Be7 8.Nf3 
O-O 9.Bc4 Qc7 10.Qe2 a6 11.O-O b5 12.Bd3 Nd7 13.a4 bxa4 14.d5 exd5 15.exd5
Nf6 16.c4 Bg4 17.h3 Bh5 18.Ra1 Bd6 19.Rxa4 Rfe8 20.Qd1 Ne4 21.Ra3 Bh2+ 22.
Kh1 Bf4 23.Bxe4 Rxe4 24.Qd3 Bxc1 25.Rxc1 Qf4 26.Qd2 Rxc4 27.Qxf4 Rxf4 28.
Rxc5 1/2-1/2